Decision making in systems engineering and management

Spremljeno u:
Bibliografski detalji
Glavni autori: Parnell, Gregory S. (Autor), Driscoll, Patrick J (Autor), Henderson, Dale L (Autor)
Format: Knjiga
Jezik:engleski
Izdano: Hoboken Wiley 2010
Izdanje:2a. ed
Serija:Wiley Series in Systems Engineering and Management
Teme:
Oznake: Dodaj oznaku
Bez oznaka, Budi prvi tko označuje ovaj zapis!

MARC

LEADER 00000cam a2200000 a 4500
001 UCD1537
003 CL-VaPUC
008 160310e20100000us |||||||||||||||||eng|d
020 |a 9780470900422 
082 0 4 |a 620.001  |b PAR  |2 21 
100 |a Parnell, Gregory S.  |e author  |9 584633 
700 0 |a Driscoll, Patrick J  |e author  |9 584634 
700 0 |a Henderson, Dale L  |e author  |9 584635 
245 1 0 |a Decision making in systems engineering and management 
250 |a 2a. ed 
300 |a 497 p 
942 |c BK 
945 |d 20160310 23:10:00  |a arojas 
260 |a Hoboken  |b Wiley  |c 2010 
650 0 |a Ingeniería de sistemas   |9 261019 
650 0 |a Administración de empresas   |9 260833 
650 0 |a Toma de decisiones   |9 257530 
583 |a last modification  |c 20160310 23:10:00  |k Rodrigo Vera 
490 0 |a Wiley Series in Systems Engineering and Management 
999 |c 362829  |d 362827 
952 |0 0  |1 0  |3 erd  |4 0  |6 620_001000000000000_PAR_2010  |7 0  |8 A  |9 474352  |a BIBING  |b BIBING  |i 5265622  |o 620.001 PAR 2010  |p 5265622  |r 2025-01-20  |w 2019-11-24  |y BK  |z Catalogado en:20160310  |k EII